| 000 | 00792nam a2200217 u 4500 | ||
|---|---|---|---|
| 003 | AM-YEHGA | ||
| 040 | _aAM-YeHGA | ||
| 090 | _c92275 | ||
| 001 | 000253277 | ||
| 005 | 20250617125103.0 | ||
| 008 | 030808s1955 ai r 000 0 arm d | ||
| 041 | 0 | _aarm | |
| 100 | 1 | _aԿարապետյան, Սարիբեկ Խաչատուրի | |
| 245 | 1 | 0 |
_aԶինված ապստամբությունը Լոռում 1921 թվականին / _cՍ.Խ. Կարապետյան; Խմբ.՝ Հ. Կարապետյան. |
| 260 |
_aԵրևան : _bՀայպետհրատ, _c1955. |
||
| 300 |
_a105 էջ ; _c21 սմ. |
||
| 504 | _aՏողատակի ծանոթագր. | ||
| 650 | 1 | 4 |
_aՀայ ժողովրդի պատմություն _d1921 թ. _zԼոռի |
| 700 | 1 |
_aԿարապետյան, Հ. _eխմբ. _4edt |
|
| 942 |
_2udc _cBK |
||
| 999 |
_c90980 _d90980 |
||